000 00964nam a2200253 a 4500
001 BRCA_7653
005 20190320205929.0
008 260713s19uu----fr-a######---#000-0#fre-#
041 _afre
044 _afr
050 4 _aN2050
_b.G84 1900
245 1 0 _aCollections de l´Union Centrale des Arts Decoratifs
_bexposées au palais de l´industrie a Paris. Collections publiques et particulieres: céramique, meubles, orfèvrerie, dessins, moulages, tissus
_cEditeur Armand Guerinet.
260 _aParís
_bLibrairie d´Art Décoratif
_c[19--?]
300 _a1 v. (sin paginación)
_bil., 66 láminas
_c40 cm.
440 0 _aLe Musée des Arts Décoratifs
_918871
500 _aT70
610 2 4 _aMusée des Arts Décoratifs (París)
_917354
650 1 4 _aArte
_zParís
_99463
650 1 4 _aColeccionistas y colecciones
_zParís
_918872
650 1 4 _aGalerías y museos
_zFrancia
_97839
700 1 _aGuérinet, Armand
_eed.
_918873
902 _aGFM
942 _2lcc
_cB
999 _c7327
_d7327